ბათუმის შოთა რუსთაველის სახელმწიფო უნივერსიტეტის ბიბლიოთეკა

Овощеводство (ბიბ.ჩანაწერი № 45556)

000 -LEADER
fixed length control field 00582nam a2200217Ia 4500
001 - CONTROL NUMBER
control field 12382
003 - CONTROL NUMBER IDENTIFIER
control field GE_BSU
008 - FIXED-LENGTH DATA ELEMENTS--GENERAL INFORMATION
fixed length control field 181216s||||||||xx |||||||||||||| ||und||
040 ## - CATALOGING SOURCE
Transcribing agency GE_BSU
080 ## - UNIVERSAL DECIMAL CLASSIFICATION NUMBER
Universal Decimal Classification number 635(075.03)
100 ## - MAIN ENTRY--PERSONAL NAME
Personal name Эдельштеин,В.И.
245 ## - TITLE STATEMENT
Title Овощеводство
245 ## - TITLE STATEMENT
Statement of responsibility, etc. Ред.А.Г.Чижевский
260 ## - PUBLICATION, DISTRIBUTION, ETC.
Place of publication, distribution, etc. Москва
260 ## - PUBLICATION, DISTRIBUTION, ETC.
Name of publisher, distributor, etc. изд-во сельхоз. лит-ры
260 ## - PUBLICATION, DISTRIBUTION, ETC.
Date of publication, distribution, etc. 1953
300 ## - PHYSICAL DESCRIPTION
Extent 487стр.27см.
300 ## - PHYSICAL DESCRIPTION
Accompanying material Приложение стр 481-482
653 ## - INDEX TERM--UNCONTROLLED
Uncontrolled term Овощеводство
942 ## - ADDED ENTRY ELEMENTS (KOHA)
Koha item type წიგნი
ეგზემპლარები
Withdrawn status Lost status Damaged status Not for loan Date acquired Barcode Date last seen Price effective from Koha item type
        2018-12-17 20449 2018-12-17 2018-12-17 წიგნი
        2018-12-17 20556 2018-12-17 2018-12-17 წიგნი